| 000 | 00571nam a22002057a 4500 | ||
|---|---|---|---|
| 003 | KOHA_MİRAKIL | ||
| 005 | 20260406095040.0 | ||
| 008 | 260406b tu ||||| |||| 00| 0 tur d | ||
| 020 | _a9786055014179 | ||
| 040 |
_aTR-AnABB _btur _cTR-AnABB |
||
| 041 | _atur | ||
| 082 |
_a811.42 _bOZG 2014 |
||
| 100 | 1 | _aÖzgen, Hasan | |
| 245 | 1 | 0 |
_aAşkın seferberlik hali / _cHasan Özgen |
| 260 |
_aİstanbul : _bKüledebi Yayınları, _c2014 |
||
| 300 |
_a90 sayfa ; _c20 cm |
||
| 500 | _aYazar imzalı | ||
| 650 | 0 | 4 | _aTürk edebiyatı, şiir |
| 942 |
_2ddc _cBK |
||
| 999 |
_c10150 _d10150 |
||
| 900 | _bCan ÇELIK | ||